Philosophy of law : (Record no. 125377)
[ view plain ]
| 000 -LEADER | |
|---|---|
| fixed length control field | 01193cam a2200313 i 4500 |
| 001 - CONTROL NUMBER | |
| control field | 17917068 |
| 003 - CONTROL NUMBER IDENTIFIER | |
| control field | ARRUPE |
| 005 - DATE AND TIME OF LATEST TRANSACTION | |
| control field | 20160928084517.0 |
| 008 - FIXED-LENGTH DATA ELEMENTS--GENERAL INFORMATION | |
| fixed length control field | 131024s2014 enka b 001 0 eng |
| 010 ## - LIBRARY OF CONGRESS CONTROL NUMBER | |
| LC control number | 2013953524 |
| 020 ## - INTERNATIONAL STANDARD BOOK NUMBER | |
| International Standard Book Number | 9780199687008 (pbk.) |
| 020 ## - INTERNATIONAL STANDARD BOOK NUMBER | |
| International Standard Book Number | 0199687005 (pbk.) |
| 040 ## - CATALOGING SOURCE | |
| Original cataloging agency | DLC |
| Language of cataloging | eng |
| Transcribing agency | DLC |
| Description conventions | rda |
| 042 ## - AUTHENTICATION CODE | |
| Authentication code | pcc |
| 050 00 - LIBRARY OF CONGRESS CALL NUMBER | |
| Classification number | K230.W29 |
| Item number | A37 2014 |
| 300 ## - PHYSICAL DESCRIPTION | |
| Other physical details | illustrations ; |
| Dimensions | 18 cm. |
| 100 1# - MAIN ENTRY--PERSONAL NAME | |
| Personal name | Wacks, Raymond, |
| Relator term | author. |
| 9 (RLIN) | 26276 |
| 245 10 - TITLE STATEMENT | |
| Title | Philosophy of law : |
| Remainder of title | a very short introduction / |
| Statement of responsibility, etc | Raymond Wacks. |
| 250 ## - EDITION STATEMENT | |
| Edition statement | Second edition. |
| 300 ## - PHYSICAL DESCRIPTION | |
| Extent | xvi,150 pages : |
| 490 1# - SERIES STATEMENT | |
| Series statement | A very short introduction ; |
| Volume number/sequential designation | 147 |
| 504 ## - BIBLIOGRAPHY, ETC. NOTE | |
| Bibliography, etc | Includes bibliographical references (pages 131-134) and index. |
| 505 0# - FORMATTED CONTENTS NOTE | |
| Formatted contents note | Natural law -- Legal positivism -- Dworkin : the moral integrity of law -- Rights and justice -- Law and society -- Critical legal theory -- Understanding law : a very short epilogue. |
| 650 #0 - SUBJECT ADDED ENTRY--TOPICAL TERM | |
| Topical term or geographic name as entry element | Law |
| General subdivision | Philosophy. |
| 9 (RLIN) | 10576 |
| 830 #0 - SERIES ADDED ENTRY--UNIFORM TITLE | |
| Uniform title | Very short introductions. |
| 9 (RLIN) | 26277 |
| 906 ## - LOCAL DATA ELEMENT F, LDF (RLIN) | |
| a | 7 |
| b | cbc |
| c | origcop |
| d | 2 |
| e | epcn |
| f | 20 |
| g | y-gencatlg |
| 942 ## - ADDED ENTRY ELEMENTS (KOHA) | |
| Source of classification or shelving scheme | Library of Congress Classification |
| Koha item type | Monograph ( Printed materials) |
| Withdrawn status | Lost status | Source of classification or shelving scheme | Damaged status | Not for loan | Collection code | Home library | Current library | Shelving location | Date acquired | Total Checkouts | Full call number | Barcode | Date last seen | Date checked out | Price effective from | Koha item type |
|---|---|---|---|---|---|---|---|---|---|---|---|---|---|---|---|---|
| Library of Congress Classification | Main Collection | ARRUPE LIBRARY | ARRUPE LIBRARY | Main Collection | 28/09/2016 | 15 | K230.W115 2014 | 46500010710 | 11/09/2024 | 27/08/2024 | 28/09/2016 | Monograph ( Printed materials) |